Musyawarah dalam Islam

Bibliographic Details
Main Author: Nasution, Muhammad Yunan (Author)
Format: Book
Published: Kuala Lumpur : Yayasan Buku , 1979
Series:Siri pegangan hidup 38
Subjects:

MARC

LEADER 00000cam a2200000 7i4500
001 0000030734
005 20040622093000.0
090 0 0 |a BF637.N4   |b N3 
100 0 |a Nasution, Muhammad Yunan ,   |e author 
245 1 0 |a Musyawarah dalam Islam   |c Muhammad Yunan Nasution 
260 2 |a Kuala Lumpur :   |b Yayasan Buku ,   |c 1979 
300 |a 34 p. ;   |c 18 cm. 
440 0 0 |a Siri pegangan hidup   |v 38 
650 0 |a Discussion 
650 0 |a Negotiation 
999 |a 1000057616   |b Book   |c OPEN SHELF (30 DAYS)   |e Gong Badak Campus 
999 |a 1000057617   |b Book   |c OPEN SHELF (30 DAYS)   |e Gong Badak Campus